Quizzes
Events
Quiz Creation
Community
Videos
Private Events
Remove Ads
Sign In
Join for FREE
Feedback
Dark Mode
Quiz Categories
Sports
Geography
Music
Movies
Television
Just For Fun
Miscellaneous
History
Literature
Language
Science
Gaming
Entertainment
Religion
Holiday
For Kids
Quiz Lab
Recent
Popular Today
Quiz Kudos Today
Editor Picks
Curator Picks
Quizzes by...
Day
Popularity
Type
Ratings
Length
Year
Community
Subscriptions
Recent Discussions
Orange Saloon
Badges
Playlists
Quests
Create
Leaderboards
Showdown
Live 5
Trivia Bingo
Activity
Puzzle Library
Sporcle Events
Private Events
Virtual Trivia
Globe League
Become a Host
Pub Owners
SporcleCon
Opinionation
Our Games
Videos
Blog
Mobile Apps
Partnerships
Remove Ads and Go Orange
Feedback
Sports
Athletes
MLB
NBA
NHL
NFL
Soccer
Sports Teams
WWE
NCAA
Football
Premier League
Basketball
Baseball
Hockey
Golf
Tennis
Cricket
Rugby
Auto Racing
Olympics
World Cup
Sports
Athletes
MLB
NBA
NHL
NFL
Soccer
Sports Teams
WWE
NCAA
Football
Premier League
Basketball
Baseball
Hockey
Golf
Tennis
Cricket
Rugby
Auto Racing
Olympics
World Cup
Random Quiz
Search Sporcle
×
Quiz Lab
Quiz Lab
Sports
Auto Racing
Type in answers that appear in a list
Type in answers that appear in a list
Classic
Best Score? Go Orange.
MyDriver Season 7 Drivers Stats
Can you name drivers in the 7th Season (2021) of Aarava's MyDriver series?
By
Ricciardo
2m
24 Questions
289 Plays
289 Plays
289 Plays
Comments
Comments
Give Quiz Kudos
Give Quiz Kudos
-
- Ratings
hide this ad
Replay
Link that replays current quiz
Next Quiz
Link to next quiz in quiz playlist
You Got
0%
They Got
Avg Score
68%
Avg Friend Score
Upgrade to see
Score Distribution
Jump to the score distribution portion of the page
Score
0/24
Timer
02:00
0
Plays Today
Hint
Answer
% Correct
Audi
Max Verstappen
86.4%
Audi
Carlos Sainz Jr.
84.3%
Mercedes
Sebastian Vettel
84.3%
Jaguar
Aarav Aarava
82.9%
Haas
Aarav Aarava
82.9%
Ferrari
Charles Leclerc
82.6%
McLaren
Daniel Ricciardo
79.1%
Red Bull
Pierre Gasly
78%
Williams
Esteban Ocon
77.4%
Jaguar
Esteban Ocon
77.4%
McLaren
Lando Norris
77%
Mercedes
Mick Schumacher
74.6%
Hint
Answer
% Correct
Williams
Sergio Pérez
73.9%
Renault
Valtteri Bottas
70%
Monster-
Rehab
George Russel
68.3%
Ferrari
Antonio Giovinazzi
66.9%
Jaguar
Stoffel Vandoorne
66.6%
Haas
Nico Hülkenberg
65.9%
Red Bull
Nico Hülkenberg
65.9%
Haas
Pascal Wehrlein
54%
Red Bull
Niko Kari
40.1%
Monster-
Rehab
Sophia Flörsch
39.4%
Renault
Jack Aitken
34.1%
Williams
Antonio Fuoco
31.4%
Quiz Playlist
Details
Report
Send in Message
Add To Playlist
Classic:
Type in answers that appear in a list
Last Updated: Feb 13, 2018
Quiz Scoreboard
CHALLENGE
Sign Up to Join the Scoreboard
Show All
Scores
Hide
Comments
May contain spoilers
Recently Published
Movies - When Are They Set?
by FPL_Elf
Movies
5m
Popular People in 1961
by mucciniale
History
6m
1-10 Letter E Words III
by El_Dandy
Language
2m
More to Explore
Quiz From the Vault
Featured Blog Post
Where Did the Easter Bunny Come From?
hide this ad
You Might Also Like...
Tags
Auto Racing Quiz
Auto Games
F1 Drivers
F1 Season
F1 Teams
Formula 1
Today's Top Quizzes in Sports
Browse Sports
hide this ad
Today's Top Quizzes in Auto Racing
Browse Auto Racing
Top Contributed Quizzes in Sports
1
Les meilleurs buteurs des matchs entre le PSG et l’OM
2
Les entraîneurs de l'OM et du PSG au 21e siècle
3
FIFA Club World Cup Champions
4
2022 World Cup Stars
5
Name the Premier League winners with different clubs
6
La finale Lions - Afrique du Sud 2021
7
Criteria MLB: Left Handed Sluggers
8
Players with Multiple 50 Home Run Seasons
9
MLB Players with Two .350 Batting Average Seasons
10
MLB Hall of Famer by Rings
Explore More
Trending Topics
Harry Potter
Crossword
Disney
Anime
Marvel
Kpop
NBA
Song
The Office
Puzzle
WWE
Soccer
Country
Pokémon
NFL
hide this ad
More By:
Ricciardo
Quiz
Plays
Rating
Category
Featured
Created
GCSE AQA Physics (9-1): All 23 Equations
115,204
4.32
Science
Jan 12, 2018
2020 F1 Drivers Logic Puzzle
89,339
3.19
Sports
Feb 7, 2021
F1: Who am I? III
58,435
2.44
Sports
Apr 14, 2018
2017 F1 Drivers Logic Puzzle
52,493
3.94
Sports
Aug 12, 2018
Trigonometric Exact Values
46,409
4.86
Science
Jan 10, 2018
Go to Creator's Profile
Score Distribution
Quiz Creator Spotlight
Ricciardo
Follow
Send a Message
Quizzes Created
-
Created Quiz Play Count
-
More By This Creator
Popular Quizzes Today
1
Find the US States - No Outlines Minefield
2
Find the Countries of Europe - No Outlines Minefield
3
The Countries of the World
4
Popular People in 1961
5
1-10 Letter E Words III
6
US States
7
Find the US States
8
One Thing in Common: World Cities II
More Sports Quizzes
Obscure Footballers Nationalities
Quiz Lab
Trending Quizzes
Risky Map Clicking: Least Populous States A-Z
1-10 Letter F Words
1-10 Letter G Words
One Thing in Common: United Kingdom
Risky Map Clicking: Next State Alphabetically
Recently Updated
Leaping Animals
pecheneg
Reality TV Shows (A-Z)
bhenderson79
Rickey Henderson's Hall of Fame Teammates
pecheneg
Champions League XIs: Arsenal
pecheneg
Quick Pick: Celebrities in WWE's Hall of Fame
aduchscher
A-Z Keypad Blitz II
pecheneg
Multiple Oscar Actors
pecheneg
Mystery Phrase Blitz: Oscar 'Best Actors'
pecheneg
F. Scott Fitzgerald Novels
LTH
Pick 3 Villains
ddd62291
Trending Topics
Disney
Harry Potter
Anime
Marvel
NBA
Kpop
Crossword
Song
Country
NFL
Soccer
Puzzle
Pokémon
The Office
WWE
Your Account Isn't Verified!
In order to create a playlist on Sporcle, you need to verify the email address you used during registration. Go to your
Sporcle Settings
to finish the process.
Report this User
Report this user for behavior that violates our
Community Guidelines
.
Details:
Send Report
Go to the Sporcle.com Mobile Site →
Comments